000 01095nam a2200301 i 4500
001 000027166
003 DO-SdBNP
005 20260516001249.0
007 ta
008 110330s1991 dr ab 000 0 spa d
040 _aDO-SdBNP
_bspa
_cBNPHU
_erda
041 _aspa
082 _a923.17293
_bC399
_222
100 1 _aCepeda, Carlos
_954230
_eautor
_4aut.
245 1 4 _aAntonio Guzman :
_bgobierno y traición /
_cCarlos Cepeda ; prólogo, Sonia Guzmán de Hernández
264 _aSanto Domingo, República Dominicana :
_bTalleres Gráficos de Empresas Unidas,
_c1989
300 _a296 páginas. ;
_c21 cm
336 _2rdacontent
_atexto
_btxt
337 _2rdamedia
_asin mediación
_bn
338 _2rdacarrier
_avolumen
_bnc
590 _aInventariado, 2023 /DG
600 1 0 _aGuzmán Fernández, Silvestre Antonio,
_d1911-1982
_917126
650 7 _2lemb
_aPresidentes
_vBiografías
_zRepública Dominicana
_954449
651 _aRepública Dominicana
_xPolítica y gobierno
_y1961-
_913211
700 _aGuzmán de Hernández, Sonia
_eprologuista
_912392
910 _aDG
942 _2ddc
_cLBS1
999 _c54759
_d54759